Лучшие бомбардиры и снайперы НХЛ - Statistics

General Stats
  • This quiz has been taken 45 times
  • The average score is 14 of 40
Answer Stats
Игрок Очки % Correct
1 Уэйн Гретцки 2857
96%
13 Александр Овечкин 1550
96%
1 Уэйн Гретцки 894
96%
2 Александр Овечкин 853
96%
10 Сидни Кросби 1596
88%
2 Яромир Ягр 1921
64%
8 Марио Лемьё 1723
64%
4 Яромир Ягр 766
64%
11 Марио Лемьё 690
64%
4 Горди Хоу 1850
56%
3 Горди Хоу 801
56%
3 Марк Мессье 1887
44%
9 Марк Мессье 694
44%
18 Теему Селянне 1457
36%
12 Теему Селянне 684
36%
7 Стив Айзерман 1755
32%
5 Бретт Халл 741
32%
10 Стив Айзерман 692
32%
18 Бобби Халл 610
32%
20 Яри Курри 601
28%
11 Фил Эспозито 1590
20%
7 Фил Эспозито 717
20%
5 Рон Фрэнсис 1798
16%
14 Джо Торнтон 1539
16%
8 Майк Гартнер 708
16%
15 Дэйв Андрейчук 640
16%
6 Марсель Дионн 1771
12%
9 Джо Сакик 1641
12%
12 Рэй Бурк 1579
12%
17 Стэн Микита 1467
12%
6 Марсель Дионн 731
12%
16 Джо Сакик 625
12%
15 Марк Рекки 1533
8%
16 Пол Коффи 1531
8%
13 Люк Робитайл 668
8%
16 Джером Игинла 625
8%
19 Брайан Троттье 1425
4%
20 Адам Оутс 1420
4%
14 Брендан Шэнахэн 656
4%
19 Дино Сиссарелли 608
0%
No matching quizzes found
Score Distribution
Percent of People with Each Score
Percentile by Number Answered
Your Score History
You have not taken this quiz